|
|
|
|
| LEADER |
01252nam a2200337Ia 4500 |
| 001 |
36412 |
| 003 |
BD-DhAAL |
| 005 |
20211129100257.0 |
| 008 |
191021t19921991nyua b 001 0 eng d |
| 999 |
|
|
|c 41520
|d 41520
|
| 010 |
|
|
|a 91028819
|
| 020 |
|
|
|a 067179227X (pbk.)
|
| 020 |
|
|
|a 9780671792275
|
| 040 |
|
|
|a NON
|c NON
|d KLG
|d MYG
|d BD-DhAAL
|
| 043 |
|
|
|a n-us---
|
| 082 |
|
|
|2 23
|a 364.168
|
| 100 |
1 |
|
|a Stewart, James B.
|9 36302
|
| 245 |
1 |
0 |
|a Den of thieves /
|c James B. Stewart.
|
| 250 |
|
|
|a First Touchstone edition
|
| 260 |
|
|
|a New York :
|b Simon & Schuster,
|c 1992.
|
| 300 |
|
|
|a 587 pages :
|b illustrations ;
|c 21 cm.
|
| 500 |
|
|
|a "A Touchstone book."
|
| 504 |
|
|
|a Includes bibliographical references and index.
|
| 526 |
|
|
|a BBS
|
| 541 |
|
|
|a HYE Trade International
|e 36412
|
| 650 |
|
0 |
|a Insider trading in securities
|z United States.
|9 36303
|
| 650 |
|
0 |
|a Investment banking
|x Corrupt practices
|z United States.
|9 36304
|
| 650 |
|
0 |
|a Business & finance
|9 43245
|
| 852 |
|
|
|a Ayesha Abed Library
|c General Stacks
|
| 942 |
|
|
|2 ddc
|c BK
|
| 952 |
|
|
|0 0
|1 0
|2 ddc
|4 0
|6 364_168000000000000_STE
|7 0
|9 66840
|a BRACUL
|b BRACUL
|c GEN
|d 2019-10-17
|e Hye Trade International
|g 1388.00
|l 3
|m 39
|o 364.168 STE
|p 3010036412
|r 2024-02-17
|s 2024-01-24
|t 1
|v 1388.00
|w 2019-10-17
|y BK
|